[Event "SWE-chT 1213"]
[Site "Sweden"]
[Date "2012.10.07"]
[Round "3"]
[White "Bergstrom, Peter"]
[Black "Fransson, Patrick"]
[Result "0-1"]
[WhiteElo "2365"]
[BlackElo "2218"]
[PlyCount "128"]
[EventDate "2012.10.05"]
[EventType "team-tourn"]
[EventRounds "9"]
[EventCountry "SWE"]
[SourceTitle "EXT 2014"]
[Source "ChessBase"]
[SourceDate "2013.11.20"]
[SourceVersion "1"]
[SourceVersionDate "2013.11.20"]
[SourceQuality "1"]
[WhiteTeam "Viking"]
[BlackTeam "Orgryte"]
[WhiteTeamCountry "SWE"]
[BlackTeamCountry "SWE"]

1. e4 e6 2. d4 d5 3. Nc3 Bb4 4. Nge2 Nf6 5. a3 Bxc3+ 6. Nxc3 Nxe4 7. Qg4 0-0 8. Nxe4 f5 9. Qg3 fxe4 10. Bf4 Rf7 11. 0-0-0 Nc6 12. Rd2 a6 13. c3 b5 14. f3 Na5 15. Kb1 exf3 16. gxf3 Qf6 17. Bxc7 Nc4 18. Bxc4 bxc4 19. Rf1 Bd7 20. Be5 Qf5+ 21. Ka1 Be8 22. Rg2 Raa7 23. f4 Rfb7 24. Rfg1 Bg6 25. h4 Rb3 26. h5 Qxh5 27. Rh2 Qf5 28. Qh4 Rab7 29. Qd8+ Qf8 30. Qxf8+ Kxf8 31. Rhg2 R3b6 32. Rh2 Rf7 33. Re1 Rf5 34. Rg1 Rb7 35. Rh4 Rh5 36. Rxh5 Bxh5 37. Rh1 Bg6 38. Rg1 a5 39. a4 Bc2 40. Rg2 Bxa4 41. Kb1 Be8 42. Kc1 Bg6 43. Rh2 a4 44. Bd6+ Kg8 45. Ba3 Rf7 46. Rh4 Be4 47. Bd6 Rf6 48. Rh2 Rg6 49. Kd2 Rg3 50. Ke2 Rd3 51. Ba3 Bf5 52. Ke1 Bg4 53. Bd6 h5 54. Kf1 Kf7 55. Ke1 Kg6 56. Be5 Kf5 57. Bxg7 Ke4 58. Kf2 a3 59. bxa3 Rxc3 60. Rh1 Rxa3 61. Re1+ Kxf4 62. Bh6+ Kf5 63. Bf8 Rf3+ 64. Kg2 Rd3 0-1

[Event "SWE-chT 1213"]
[Site "Sweden"]
[Date "2012.10.06"]
[Round "2"]
[White "Akesson, Joel"]
[Black "Bergstrom, Peter"]
[Result "1/2-1/2"]
[WhiteElo "2204"]
[BlackElo "2365"]
[PlyCount "63"]
[EventDate "2012.10.05"]
[EventType "team-tourn"]
[EventRounds "9"]
[EventCountry "SWE"]
[SourceTitle "EXT 2014"]
[Source "ChessBase"]
[SourceDate "2013.11.20"]
[SourceVersion "1"]
[SourceVersionDate "2013.11.20"]
[SourceQuality "1"]
[WhiteTeam "Manhem"]
[BlackTeam "Viking"]
[WhiteTeamCountry "SWE"]
[BlackTeamCountry "SWE"]

1. d4 d5 2. Nf3 Nf6 3. c4 c6 4. e3 Bg4 5. h3 Bxf3 6. Qxf3 e6 7. Bd3 Nbd7 8. 0-0 Bd6 9. Nd2 0-0 10. e4 dxe4 11. Nxe4 Nxe4 12. Qxe4 g6 13. Rd1 Re8 14. Bf1 Qa5 15. Bd2 Bb4 16. Be3 Bf8 17. Qc2 Rac8 18. a3 Qc7 19. Rac1 Bd6 20. Qb3 Bh2+ 21. Kh1 Bf4 22. g3 Bxe3 23. Qxe3 Qa5 24. Bg2 Rcd8 25. b4 Qb6 26. Qc3 Rc8 27. a4 a6 28. Rb1 Qc7 29. Qb3 Nf6 30. Qc3 Nd7 31. Qb3 Nf6 32. Qc3 1/2-1/2

[Event "SWE-chT 1112"]
[Site "Sweden"]
[Date "2012.01.15"]
[Round "4"]
[White "Bergstrom, Peter"]
[Black "Branca, Rui"]
[Result "1-0"]
[WhiteElo "2369"]
[BlackElo "2079"]
[PlyCount "89"]
[EventDate "2011.10.07"]
[EventType "team-tourn"]
[EventRounds "9"]
[EventCountry "SWE"]
[SourceTitle "EXT 2013"]
[Source "ChessBase"]
[SourceDate "2012.11.22"]
[SourceVersion "1"]
[SourceVersionDate "2012.11.22"]
[SourceQuality "1"]
[WhiteTeam "Viking"]
[BlackTeam "Solna"]
[WhiteTeamCountry "SWE"]
[BlackTeamCountry "SWE"]

1. e4 c6 2. d4 d5 3. Nc3 dxe4 4. Nxe4 Nf6 5. Nxf6+ gxf6 6. c3 Bf5 7. Nf3 e6 8. Bf4 Bd6 9. Qd2 Qe7 10. Bxd6 Qxd6 11. Bd3 Bxd3 12. Qxd3 Nd7 13. 0-0-0 0-0-0 14. g3 Ne5 15. Nxe5 fxe5 16. Qe4 exd4 17. Rxd4 Qc5 18. Rhd1 Rxd4 19. Qxd4 Qxd4 20. Rxd4 h5 21. Ra4 a6 22. Rh4 Kd7 23. Kd2 f5 24. Kd3 e5 25. Kc4 Kd6 26. a4 b5+ 27. Kb4 c5+ 28. Ka5 Kc6 29. h3 bxa4 30. Kxa4 Kd5 31. b4 cxb4 32. cxb4 Rh6 33. Kb3 Rh8 34. g4 fxg4 35. hxg4 Rf8 36. gxh5 Rxf2 37. h6 Rf8 38. h7 Rh8 39. Kc3 Ke6 40. Kd3 Kf5 41. Ke3 Kg5 42. Rh1 Kf5 43. Rh2 Kg5 44. Ke4 Kf6 45. Rh1 1-0

[Event "EU-Cup 26th"]
[Site "Plovdiv"]
[Date "2010.10.21"]
[Round "5.5"]
[White "Bergstrom, Peter"]
[Black "Gengler, Pierre"]
[Result "1-0"]
[WhiteElo "2306"]
[BlackElo "2107"]
[PlyCount "85"]
[EventDate "2010.10.17"]
[EventType "team-swiss"]
[EventRounds "7"]
[EventCountry "BUL"]
[SourceTitle "CBM 139"]
[Source "ChessBase"]
[SourceDate "2010.11.18"]
[SourceVersion "1"]
[SourceVersionDate "2010.11.18"]
[SourceQuality "1"]
[WhiteTeam "Stockholm Viking"]
[BlackTeam "Differdange"]
[WhiteTeamCountry "SWE"]
[BlackTeamCountry "LUX"]

1. e4 c5 2. Nf3 Nc6 3. d4 cxd4 4. Nxd4 Nf6 5. Nc3 e5 6. Ndb5 d6 7. Bg5 a6 8. Na3 b5 9. Bxf6 gxf6 10. Nd5 f5 11. g3 Bg7 12. Bg2 0-0 13. exf5 Bxf5 14. Ne3 Ne7 15. Nxf5 Nxf5 16. Qh5 Nd4 17. c3 b4 18. cxd4 bxa3 19. Bxa8 axb2 20. Rb1 Qa5+ 21. Kf1 Rxa8 22. Rxb2 Qd5 23. f3 Qxd4 24. Rf2 a5 25. Kg2 a4 26. Rb1 Rf8 27. Qf5 a3 28. Rb3 Qc5 29. Rc2 Qa5 30. Qd3 Qd8 31. Qd5 Qa8 32. Rd2 Qxd5 33. Rxd5 Rd8 34. Rxa3 Bf8 35. Ra7 Kg7 36. f4 Kf6 37. fxe5+ Ke6 38. Raa5 Rc8 39. exd6 Bxd6 40. Rh5 Rh8 41. Ra6 h6 42. Rb5 Kd7 43. Rd5 1-0

[Event "EU-Cup 26th"]
[Site "Plovdiv"]
[Date "2010.10.20"]
[Round "4.6"]
[White "Bergstrom, Peter"]
[Black "Cvek, Robert"]
[Result "1/2-1/2"]
[WhiteElo "2306"]
[BlackElo "2494"]
[PlyCount "96"]
[EventDate "2010.10.17"]
[EventType "team-swiss"]
[EventRounds "7"]
[EventCountry "BUL"]
[SourceTitle "CBM 139"]
[Source "ChessBase"]
[SourceDate "2010.11.18"]
[SourceVersion "1"]
[SourceVersionDate "2010.11.18"]
[SourceQuality "1"]
[WhiteTeam "Stockholm Viking"]
[BlackTeam "Novoborsky"]
[WhiteTeamCountry "SWE"]
[BlackTeamCountry "CZE"]

1. e4 e6 2. d4 d5 3. Nc3 Bb4 4. Nge2 dxe4 5. a3 Be7 6. Nxe4 Nf6 7. N2g3 0-0 8. Be2 Bd7 9. 0-0 Bc6 10. Qd3 a5 11. c4 Nbd7 12. Bf4 a4 13. Rad1 Nxe4 14. Nxe4 Bxe4 15. Qxe4 c6 16. Rd3 Nf6 17. Qf3 Ra5 18. Rfd1 Rf5 19. g4 Ra5 20. Qg2 Re8 21. Bf3 Nd7 22. d5 cxd5 23. cxd5 e5 24. Bd2 Ra6 25. d6 Rxd6 26. Rxd6 Bxd6 27. Bxb7 e4 28. Bxe4 Qc7 29. Bc3 Nc5 30. Bc2 Rd8 31. Kh1 Bf8 32. Rxd8 Qxd8 33. Qf3 Qh4 34. Kg2 h5 35. h3 hxg4 36. Qxg4 Qh6 37. Qf5 Ne6 38. Bd2 Qh4 39. Qe4 Qh5 40. Qf5 Qh4 41. Be3 g6 42. Qe4 Qf6 43. b4 axb3 44. Bxb3 Bxa3 45. Qa8+ Bf8 46. Bxe6 fxe6 47. Bh6 g5 48. Qxf8+ Qxf8 1/2-1/2

[Event "EU-Cup 26th"]
[Site "Plovdiv"]
[Date "2010.10.17"]
[Round "1.5"]
[White "Bergstrom, Peter"]
[Black "Tahiri, Daut"]
[Result "1-0"]
[WhiteElo "2306"]
[BlackElo "2129"]
[PlyCount "59"]
[EventDate "2010.10.17"]
[EventType "team-swiss"]
[EventRounds "7"]
[EventCountry "BUL"]
[SourceTitle "CBM 139"]
[Source "ChessBase"]
[SourceDate "2010.11.18"]
[SourceVersion "1"]
[SourceVersionDate "2010.11.18"]
[SourceQuality "1"]
[WhiteTeam "Stockholm Viking"]
[BlackTeam "Expik"]
[WhiteTeamCountry "SWE"]
[BlackTeamCountry "KOS"]

1. e4 c5 2. Nf3 a6 3. Nc3 e6 4. d4 cxd4 5. Nxd4 Qc7 6. Be2 Nf6 7. 0-0 b5 8. a3 Bb7 9. Bf3 Be7 10. e5 Ng8 11. Bxb7 Qxb7 12. Qg4 g6 13. Bg5 Nc6 14. Nxc6 Qxc6 15. Ne4 h5 16. Qf4 Bxg5 17. Nxg5 Nh6 18. Rac1 Nf5 19. c4 0-0 20. Ne4 Kg7 21. c5 Rh8 22. Rfd1 h4 23. h3 Rad8 24. Rd3 Rh5 25. b4 Qc7 26. Rcd1 Nh6 27. Qf6+ Kg8 28. Ng5 Rxg5 29. Qxg5 Nf5 30. Qf6 1-0

[Event "SWE-chT 1011"]
[Site "Sweden"]
[Date "2010.10.10"]
[Round "3"]
[White "Bergstrom, Peter"]
[Black "Moberg, Karl Johan"]
[Result "1/2-1/2"]
[WhiteElo "2306"]
[BlackElo "2290"]
[PlyCount "65"]
[EventDate "2010.10.08"]
[EventType "team-tourn"]
[EventRounds "11"]
[EventCountry "SWE"]
[SourceTitle "CBM 138 Extra"]
[Source "ChessBase"]
[SourceDate "2010.10.29"]
[SourceVersion "1"]
[SourceVersionDate "2010.10.29"]
[SourceQuality "1"]
[WhiteTeam "Team Viking"]
[BlackTeam "Manhem"]
[WhiteTeamCountry "SWE"]
[BlackTeamCountry "SWE"]

1. e4 e5 2. Nf3 Nc6 3. d4 exd4 4. Nxd4 Nf6 5. Nxc6 bxc6 6. e5 Qe7 7. Qe2 Nd5 8. c4 Nb6 9. b3 a5 10. Bb2 a4 11. Nd2 axb3 12. axb3 Rxa1+ 13. Bxa1 Qa3 14. Qd1 Bb4 15. Bd3 Qa5 16. Ke2 d6 17. Qc2 dxe5 18. Nf3 Bg4 19. h3 Bxf3+ 20. gxf3 Nd7 21. Bb2 Qc5 22. Bxh7 Nf6 23. Bd3 Nh5 24. Bc1 Nf4+ 25. Bxf4 exf4 26. Kf1 0-0 27. Qe2 Qd4 28. Qe4 Qxe4 29. Bxe4 Rd8 30. Kg2 Rd2 31. Rc1 Bc5 32. Rc2 Rxc2 33. Bxc2 1/2-1/2

[Event "SWE-chT 1011"]
[Site "Sweden"]
[Date "2010.10.08"]
[Round "1"]
[White "Bergstrom, Peter"]
[Black "Eksmyr, Johan"]
[Result "1-0"]
[WhiteElo "2306"]
[BlackElo "2179"]
[PlyCount "111"]
[EventDate "2010.10.08"]
[EventType "team-tourn"]
[EventRounds "11"]
[EventCountry "SWE"]
[SourceTitle "CBM 138 Extra"]
[Source "ChessBase"]
[SourceDate "2010.10.29"]
[SourceVersion "1"]
[SourceVersionDate "2010.10.29"]
[SourceQuality "1"]
[WhiteTeam "Team Viking"]
[BlackTeam "Orgryte"]
[WhiteTeamCountry "SWE"]
[BlackTeamCountry "SWE"]

1. e4 c6 2. d4 d5 3. Nc3 dxe4 4. Nxe4 Nf6 5. Nxf6+ gxf6 6. c3 Bf5 7. Nf3 Qc7 8. g3 Nd7 9. Bg2 0-0-0 10. 0-0 h5 11. Re1 Bg4 12. Qb3 Bxf3 13. Bxf3 e6 14. c4 h4 15. Bf4 e5 16. dxe5 hxg3 17. Bxg3 fxe5 18. Qc2 Bd6 19. Qf5 Kb8 20. Rad1 Rh6 21. Re3 Rg8 22. Qxf7 Rf8 23. Qg7 Rhf6 24. Be4 Nc5 25. Qxc7+ Bxc7 26. b4 Ne6 27. Bg2 Nf4 28. Re4 Kc8 29. Rd2 R6f7 30. Re1 Rf6 31. Be4 Nh3+ 32. Kg2 Nf4+ 33. Kf1 Nh3 34. Re3 Nf4 35. Ra3 Kb8 36. Ke1 Bb6 37. c5 Bc7 38. Rb3 a5 39. a3 axb4 40. axb4 Ne6 41. Ra3 Nd4 42. Rda2 Kc8 43. Bg2 Kd7 44. Bh3+ Nf5 45. Rf3 Ke6 46. Ra7 Rb8 47. Ke2 Rf7 48. Raa3 Rbf8 49. Rxf5 Rxf5 50. Rf3 b6 51. Ke3 bxc5 52. bxc5 Rh8 53. Bxf5+ Kd5 54. Be4+ Kxc5 55. Rf6 Bd6 56. Bxc6 1-0

[Event "SWE-chT 0809"]
[Site "Sweden"]
[Date "2009.03.14"]
[Round "10"]
[White "Lund, Silas Esben"]
[Black "Bergstrom, Peter"]
[Result "0-1"]
[WhiteElo "2481"]
[BlackElo "2348"]
[PlyCount "114"]
[EventDate "2008.10.25"]
[EventType "team-tourn"]
[EventRounds "11"]
[EventCountry "SWE"]
[SourceTitle "EXT 2011"]
[Source "ChessBase"]
[SourceDate "2010.11.26"]
[SourceVersion "1"]
[SourceVersionDate "2010.11.26"]
[SourceQuality "1"]

1. d4 d5 2. c4 c6 3. Nf3 Nf6 4. e3 Bf5 5. Nc3 e6 6. Nh4 Bg4 7. Qb3 Qb6 8. h3 Bh5 9. g4 Bg6 10. Nxg6 hxg6 11. g5 Nfd7 12. Bd2 Be7 13. f4 Na6 14. Qxb6 axb6 15. b3 Nc7 16. Bg2 Ra7 17. Ke2 0-0 18. e4 dxe4 19. Bxe4 b5 20. cxb5 Nxb5 21. Nxb5 cxb5 22. Rhc1 Bd6 23. a4 Rfa8 24. a5 Nb6 25. Bxb7 Rxb7 26. axb6 Rxa1 27. Rxa1 Rxb6 28. Ra8+ Rb8 29. Ra6 Be7 30. Kd3 Kf8 31. Ba5 Ke8 32. Ra7 b4 33. Bc7 Rb5 34. Kc4 Rf5 35. Rb7 Rd5 36. Rb5 Rxb5 37. Kxb5 Kd7 38. Kb6 f6 39. gxf6 gxf6 40. Kb7 Bf8 41. Kb6 Bd6 42. Bxd6 Kxd6 43. Kb5 Kd5 44. Kxb4 Kxd4 45. h4 e5 46. f5 gxf5 47. h5 f4 48. h6 f3 49. h7 f2 50. h8Q f1Q 51. Qd8+ Ke4 52. Qa8+ Kf4 53. Qd5 Qf3 54. Qe6 Kg3 55. Kc5 e4 56. Qd6+ Kg2 57. b4 e3 0-1

[Event "SWE-chT 0809"]
[Site "Sweden"]
[Date "2008.12.06"]
[Round "4"]
[White "Bergstrom, Peter"]
[Black "Madebrink, Lars"]
[Result "1/2-1/2"]
[WhiteElo "2348"]
[BlackElo "2255"]
[PlyCount "55"]
[EventDate "2008.10.25"]
[EventType "team-tourn"]
[EventRounds "11"]
[EventCountry "SWE"]
[SourceTitle "EXT 2011"]
[Source "ChessBase"]
[SourceDate "2010.11.26"]
[SourceVersion "1"]
[SourceVersionDate "2010.11.26"]
[SourceQuality "1"]

1. e4 d5 2. exd5 Nf6 3. d4 Bg4 4. Nf3 Qxd5 5. Be2 e6 6. Be3 Be7 7. 0-0 0-0 8. Nbd2 c6 9. h3 Bh5 10. Re1 Nbd7 11. c4 Qa5 12. a3 Qc7 13. b4 a5 14. Qb3 axb4 15. axb4 e5 16. Rxa8 Rxa8 17. Nxe5 Nxe5 18. Bxh5 Nxh5 19. dxe5 Qxe5 20. Nf3 Qc7 21. b5 Nf6 22. bxc6 bxc6 23. Rb1 Bd6 24. Bd4 Nd7 25. Qc3 Bf8 26. Qc2 h6 27. Rd1 Bc5 28. Bxc5 1/2-1/2